=LDR 00000nam 2200000 4500 =001 INLIS000000000014983 =005 20130612110249 =008 ***********************************Ind** =035 ##$$0010-061300000014983 =041 ##$$a Ind =082 ##$$a 635.25 =090 ##$$a 635.25, Ruk b =100 ##$$a Rukmana, Rahmad =245 ##$$a Bawang daun, Rahmad Rukmana =260 ##$$a 1995 $b Yogyakarta =300 ##$$a 50 hlm, Ilus, 21 cm =650 ##$$a Bawang daun =850 ##$$a NBPNMAT